|
|
|
|
| LEADER |
00000nam a2200000 a 4500 |
| 001 |
vtls010290053 |
| 003 |
SK-MaSNL |
| 005 |
20260302082157.0 |
| 008 |
180927s2010 xo fa f 000 0 slo |
| 015 |
|
|
|a SNBA2011/12-06111
|
| 020 |
|
|
|a 9788097055721
|q (zopnuté listy v obale)
|
| 035 |
|
|
|a 1E5A2C79-923C-43BC-B70E-7526391809DE
|
| 035 |
|
|
|a urn:nbn:sk:snk-am3h6y3
|
| 035 |
|
|
|a urn:nbn:sk:snk-am00cqng
|
| 040 |
|
|
|a SNK
|b slo
|c SNK
|e AACR2
|
| 041 |
0 |
|
|a slo
|
| 044 |
|
|
|a xo
|c SK
|
| 072 |
|
7 |
|a 27
|x Kresťanstvo. Kresťanská cirkev všeobecne. Ekleziológia
|2 konspekt
|
| 072 |
|
7 |
|a 37.016
|x Učebné osnovy. Vyučovacie predmety. Učebnice
|2 konspekt
|
| 080 |
|
|
|a 272
|2 2001
|
| 080 |
|
|
|a 373.3
|2 2001
|
| 080 |
|
|
|a (072)
|2 2001
|
| 245 |
0 |
0 |
|a Cesta lásky
|b metodická príručka katolíckeho náboženstva pre 1. ročník základných škôl
|c Jana Hurajtová ... [et al.]
|
| 246 |
3 |
0 |
|a Metodická príručka katolíckeho náboženstva pre 1. ročník základných škôl
|
| 250 |
|
|
|a 2. upr. vyd., dotl.
|
| 260 |
|
|
|a Spišská Nová Ves
|b Katolícke pedagogické a katechetické centrum
|c 2010
|
| 300 |
|
|
|a 102 l., [8] l.sch. na príl. [82] l. sch., fotogr. na príl.
|b noty
|c 32 cm
|e 11 l. fólií, 1 brož.
|
| 500 |
|
|
|a Voľné listy viaz. v karisbloku. Príloha: Cesta lásky - pracovný zošit pre 1. ročník základných škôl, 30 s.
|
| 504 |
|
|
|a Bibliogr. s. 102
|
| 650 |
0 |
7 |
|a katolícke náboženstvo
|2 SNKPH
|9 4022
|
| 650 |
0 |
7 |
|a základné školy
|2 SNKPH
|9 1280
|
| 650 |
0 |
7 |
|a Catholic religion
|2 SNKPHeng
|9 272686
|
| 650 |
0 |
7 |
|a Elementary schools
|2 SNKPHeng
|9 265049
|
| 655 |
|
7 |
|a metodické príručky
|2 SNKPH
|9 70250
|
| 655 |
|
7 |
|a Methodological manuals
|2 SNKPHeng
|9 270866
|
| 700 |
1 |
|
|a Hurajtová, Jana
|4 aut
|9 332788
|
| 700 |
1 |
|
|a Dobrenková, Lenka
|4 aut
|9 328892
|
| 700 |
1 |
|
|a Zakuciová, Viera
|4 aut
|9 364770
|
| 700 |
1 |
|
|a Gemnalová, Anna
|4 aut
|9 748545
|
| 852 |
|
|
|a Štátna vedecká knižnica v Banskej Bystrici
|
| 919 |
|
|
|a 978-80-970557-2-1
|
| 954 |
|
|
|a odborná, vedecká literatúra pôvodná (slovenská)
|2 lita
|
| 954 |
|
|
|a duchovná literatúra pôvodná (slovenská)
|2 lita
|
| 958 |
|
|
|a OND
|
| 958 |
|
|
|a NB
|
| 958 |
|
|
|a NT
|
| 968 |
|
|
|d 2
|
| 999 |
|
|
|c 1179175
|d 1181105
|
| 952 |
|
|
|a SNK
|b SNK
|y PREZ
|7 0
|p 17A0710939
|o snkSB 81819
|i snk2011/16643
|8 0
|3 Príloha: 11 priesvitiek
|0 0
|1 0
|4 0
|d 2011-07-29
|f 1
|l 0
|r 2025-05-05 00:00:00
|w 2026-02-24
|
| 952 |
|
|
|a SNK
|b SNK
|y PREZ
|7 0
|p 17A0710938
|o snkSB 81819 D1
|i snk2011/16644
|8 0
|3 Príloha: 11 priesvitiek
|0 0
|1 0
|4 0
|d 2011-07-29
|l 0
|r 2016-06-30 00:00:00
|w 2026-02-24
|
| 952 |
|
|
|a SNK
|b SNK
|y PREZ
|7 0
|p 17A0710982
|o snkSB 81819/príl.
|i snk2011/16643
|8 0
|3 Príloha: 11 priesvitiek
|z Príloha
|0 0
|1 0
|4 0
|d 2011-08-09
|l 0
|r 2025-05-05 00:00:00
|w 2026-02-24
|
| 952 |
|
|
|a SNK
|b SNK
|y PREZ
|7 0
|p 17A0503113
|o snkSB 81819/príl. D1
|i snk2011/16644
|8 0
|3 Príloha: 11 priesvitiek
|z Príloha
|0 0
|1 0
|4 0
|d 2011-08-09
|l 0
|r 2016-06-30 00:00:00
|w 2026-02-24
|
| 952 |
|
|
|a SNK
|b SNK
|y PREZ
|7 0
|p 17A0798403
|o snkSB 81819/príl. 2
|i snk2011/16643
|8 0
|3 Príloha - Pracovný zošit
|z Príloha - Pracovný zošit
|0 0
|1 0
|4 0
|d 2012-01-12
|l 0
|r 2025-05-05 00:00:00
|w 2026-02-24
|